South African native policy and the liberal spirit.

Saved in:
Bibliographic Details
Main Author: Hoernlé, Reinhold Friedrich Alfred, 1880-1943.
Format: Book
Language:English
Published: New York, Negro Universities Press [1969]
Series:Phelps-Stokes lectures.
Subjects:
Tags: Add Tag
No Tags, Be the first to tag this record!
LEADER 00924cam a2200301 4500
001 005293452-7
005 20020606095253.2
008 700202r19691939nyu b 000 0 eng
010 |a  75097367 //r902 
020 |a 083712428X 
035 0 |a ocm00053698 
040 |a DLC  |c DLC  |d HLS 
043 |a f-sa--- 
050 0 0 |a DT763  |b .H58 1969 
082 |a 301.451/96/068 
100 1 |a Hoernlé, Reinhold Friedrich Alfred,  |d 1880-1943. 
245 1 0 |a South African native policy and the liberal spirit. 
260 |a New York,  |b Negro Universities Press  |c [1969] 
300 |a xiv, 190 p.  |c 23 cm. 
490 1 |a Phelps-Stokes lectures 
500 |a Reprint of the 1939 ed. 
504 |a Includes bibliographical references. 
650 0 |a Indigenous peoples  |z South Africa. 
650 0 |a Liberalism  |z South Africa. 
651 0 |a South Africa  |x Race relations. 
830 0 |a Phelps-Stokes lectures. 
988 |a 20020608 
906 |0 DLC